Fit furs zertifikat B1 (Record no. 62712)

MARC details
000 -LÍDER
campo de controle de tamanho fixo 00409 a2200157 4500
001 - NÚMERO DE CONTROLE
campo de controle 62712
020 ## - ISBN - INTERNATIONAL STANDARD BOOK NUMBER
ISBN - International Standard Book Number 9783192416514
040 ## - FONTE DA CATALOGAÇÃO
Instituição que transcreveu o registro Anchieta - Pituba
100 ## - ENTRADA PRINCIPAL--NOME PESSOAL
Nome pessoal Gerbes, Johannes
240 10 - TÍTULO UNIFORME
Título uniforme Fit furs zertifikat B1
Idioma da obra por
245 10 - TÍTULO
Título Fit furs zertifikat B1
300 ## - DESCRIÇÃO FÍSICA
Extensão 168
362 0# - DATAS DE PUBLICAÇÃO E/OU DESIGNAÇÃO SEQUENCIAL
Datas de publicação e/ou designação sequencial 2014
650 #4 - ASSUNTO--TERMO TÓPICO
Cabeçalho tópico ou nome geográfico Uso padrão da língua alemã (prescptiva linguística - proficiência alemã)
942 ## - ELEMENTOS DE ENTRADA ADICIONADOS (KOHA)
Tipo de material Koha Livros
Holdings
Situação do descarte Situação das perdas Situação física Não pode ser emprestado Biblioteca de origem Biblioteca atual Data de aquisição Total de empréstimos Número de chamada completo Código de barras Data de último acesso Data do último empréstimo Data do preço efetivo Tipo de material Koha
        Colégio Anchieta - Pituba Inspira 21/11/2023 1 438 G362f GER FIT 15872/PIT 21/11/2023 21/11/2023 21/11/2023 Livros